000 00817cam a22001934a 4500
005 20250605164336.0
008 250528s ||||||||||||||||||||||||d
035 _a23448
040 _aGR-AtMCL
_bgre
_dGR-AtMCL
_eAACR2
245 1 _aFace to Face Communication is a Muscle we Need to Practice.
260 _c2017
300 _a84
520 _aIntroduction, Method, Design, Participants, Materials, Self - Esteem Questionnaire, Self - Regulation Questionnaire, Geneva's Emotional Recognition Test (GERT), Procedure, Ethics, Analytic Strategy, Results, Discussion, Self - Esteem, Emotional Recognition Ability, Limitations, Future Research Conclusion, References, Appendix.
700 1 _aGiannakopoulou Afroditi
_99016
700 1 _aLouka Penelope
_99017
942 _cDS
999 _c8458
_d8458